[Event "GCT 2021 Saint Louis - Blitz"]
[Site "Saint Louis"]
[Date "14.08.2021"]
[Round "3B"]
[White "Le, Quang Liem"]
[Black "So, Wesley"]
[Result "1/2-1/2"]
[WhiteTitle ""]
[BlackTitle ""]
[WhiteElo "2709"]
[BlackElo "2772"]
[WhiteFideId "12401137"]
[BlackFideId "5202213"]
[EventDate "2021.08.14"]

1. e4 e5 2. Nf3 Nc6 3. Bb5 Nf6 4. d3 Bc5 5. Bxc6 dxc6 6. Nbd2 Nd7 7. Nc4 f6 8.
O-O Nf8 9. Be3 Bd6 10. d4 Be6 11. Qe2 exd4 12. Nxd4 Qe7 13. Nxd6+ cxd6 14. Rad1
Ng6 15. f4 Bd7 16. Nf5 Bxf5 17. exf5 Nh4 18. Qh5+ g6 19. fxg6 Qxe3+ 20. Kh1
O-O-O 21. g7 Rhg8 22. Qxh4 Rxg7 23. Qxf6 Rxg2 24. Qf5+ Kb8 25. Kxg2 Rg8+ 26. Kh1
Rg1+ 27. Rxg1 Qf3+ 28. Rg2 Qxd1+ 29. Rg1 Qf3+ 30. Rg2 Qd1+ 31. Rg1 Qf3+ 32. Rg2
Qd1+ 1/2-1/2

[Event "GCT 2021 Saint Louis - Blitz"]
[Site "Saint Louis"]
[Date "14.08.2021"]
[Round "3B"]
[White "Dominguez Perez, Leinier"]
[Black "Caruana, Fabiano"]
[Result "1/2-1/2"]
[WhiteTitle ""]
[BlackTitle ""]
[WhiteElo "2758"]
[BlackElo "2806"]
[WhiteFideId "3503240"]
[BlackFideId "2020009"]
[EventDate "2021.08.14"]

1. e4 c5 2. Nf3 e6 3. d4 cxd4 4. Nxd4 a6 5. c4 Nf6 6. Nc3 Bb4 7. Qd3 O-O 8. e5
Ne8 9. Bf4 d6 10. exd6 Bxd6 11. Bxd6 Qxd6 12. O-O-O Qc7 13. Qg3 Nd7 14. Qxc7
Nxc7 15. Be2 Nf6 16. f4 Bd7 17. Bf3 Rab8 18. b4 Rfc8 19. Kb2 a5 20. a3 h5 21.
Rhe1 axb4 22. axb4 g6 23. Kb3 Be8 24. Ra1 Rd8 25. Red1 Ng4 26. Bxg4 hxg4 27. b5
Kg7 28. Kb4 Kf6 29. Nb3 Rxd1 30. Rxd1 Ke7 31. Na4 b6 32. Nc3 Ra8 33. Ra1 Rxa1
34. Nxa1 e5 35. fxe5 Ke6 36. c5 bxc5+ 37. Kxc5 Kxe5 38. Nc2 Ne6+ 39. Kc4 f5 40.
b6 Bc6 41. g3 g5 42. Nb4 Bb7 43. Nb5 f4 44. Nd3+ Kf6 45. Nd6 Ba6+ 46. Kc3 Nd8
47. Nc5 Bf1 48. b7 Nc6 49. Kd2 Ke5 50. Nf7+ Kd4 51. Ne6+ Kd5 52. Ned8 Nb8 53.
Nxg5 fxg3 54. hxg3 Ba6 55. Ke3 Kd6 56. Kf4 Ke7 57. Nge6 Bxb7 58. Nxb7 Kxe6 59.
Kxg4 Nc6 60. Nc5+ Kf6 61. Ne4+ Kg6 62. Kf4 Nd4 63. g4 Nc6 64. g5 Nd8 65. Nc5 Nf7
66. Ne4 Nxg5 67. Nxg5 1/2-1/2

[Event "GCT 2021 Saint Louis - Blitz"]
[Site "Saint Louis"]
[Date "14.08.2021"]
[Round "3B"]
[White "Rapport, Richard"]
[Black "Shankland, Sam"]
[Result "1/2-1/2"]
[WhiteTitle ""]
[BlackTitle ""]
[WhiteElo "2763"]
[BlackElo "2709"]
[WhiteFideId "738590"]
[BlackFideId "2004887"]
[EventDate "2021.08.14"]

1. Nf3 d5 2. g3 g6 3. Bg2 Bg7 4. O-O e5 5. d3 Nc6 6. Nc3 d4 7. Ne4 Nge7 8. c3 h6
9. cxd4 exd4 10. Qa4 O-O 11. b4 b6 12. b5 Na5 13. Bb2 a6 14. bxa6 Rxa6 15. Qc2
c5 16. e3 Nac6 17. exd4 cxd4 18. a4 Be6 19. Ba3 Qd7 20. Rfb1 Rfa8 21. Bc1 Nd5
22. a5 f5 23. Ned2 Ncb4 24. Qb3 bxa5 25. Nc4 a4 26. Qb2 Nxd3 27. Qd2 Nxc1 28.
Rxc1 Nc3 29. Nce5 Qe8 30. Re1 Rd8 31. Qd3 Ra5 32. h4 Ne4 33. h5 Bxe5 34. hxg6
Bg7 35. Nh4 Qb5 36. Bxe4 fxe4 37. Qxe4 Bd5 38. Qe7 Qd7 39. Qb4 Ra6 40. Re7 Qd6
41. Rxg7+ Kf8 42. Qxd4 Bg8 43. Qb2 a3 44. Rxg8+ Kxg8 45. Qb7 Rd7 46. Qc8+ Rd8
47. Qb7 Rd7 48. Qc8+ Rd8 49. Qc4+ Qe6 50. Qc7 Qd7 51. Qc4+ Qe6 52. Qxe6+ Rxe6
53. Rxa3 Rf6 54. Ra5 Kg7 55. Kg2 Rd2 56. Ra7+ Kg8 57. Ra8+ Kg7 58. Ra7+ Kg8 59.
Ra8+ Kg7 60. Ra7+ 1/2-1/2

[Event "GCT 2021 Saint Louis - Blitz"]
[Site "Saint Louis"]
[Date "14.08.2021"]
[Round "4B"]
[White "So, Wesley"]
[Black "Rapport, Richard"]
[Result "1/2-1/2"]
[WhiteTitle ""]
[BlackTitle ""]
[WhiteElo "2772"]
[BlackElo "2763"]
[WhiteFideId "5202213"]
[BlackFideId "738590"]
[EventDate "2021.08.14"]

1. e4 e5 2. Nf3 Nc6 3. Bc4 Bc5 4. c3 Nf6 5. d4 exd4 6. e5 d5 7. Bb5 Ne4 8. cxd4
Bb6 9. Nc3 O-O 10. Be3 h6 11. O-O Bg4 12. h3 Nxd4 13. Bxd4 Bxf3 14. Qxf3 Bxd4
15. Nxe4 dxe4 16. Qxe4 Bxb2 17. Bd3 g6 18. Bc4 Kg7 19. Rad1 Qe7 20. e6 fxe6 21.
Qxb7 Be5 22. Rfe1 Qc5 23. Rd7+ Kh8 24. Rxe5 Qxe5 25. Rxc7 Qe1+ 26. Kh2 Qe5+ 27.
Kg1 Qe1+ 28. Kh2 Qe5+ 29. Kg1 1/2-1/2

[Event "GCT 2021 Saint Louis - Blitz"]
[Site "Saint Louis"]
[Date "14.08.2021"]
[Round "4B"]
[White "Svidler, Peter"]
[Black "Le, Quang Liem"]
[Result "0-1"]
[WhiteTitle ""]
[BlackTitle ""]
[WhiteElo "2714"]
[BlackElo "2709"]
[WhiteFideId "4102142"]
[BlackFideId "12401137"]
[EventDate "2021.08.14"]

1. e4 e5 2. Nf3 Nc6 3. Bc4 Nf6 4. d3 Bc5 5. c3 d6 6. O-O h6 7. b4 Bb6 8. Nbd2
O-O 9. Re1 a5 10. b5 Ne7 11. d4 Ng6 12. Bf1 Be6 13. Qc2 Re8 14. Bb2 a4 15. c4
exd4 16. Nxd4 Nd7 17. N2f3 Nge5 18. Rad1 Bg4 19. Be2 Bxf3 20. Nxf3 Nxf3+ 21.
Bxf3 Ne5 22. Be2 Qh4 23. Bd4 Bxd4 24. Rxd4 Nd7 25. g3 Qf6 26. Red1 b6 27. Kg2
Nc5 28. f3 Re7 29. Rd5 Re5 30. Qc3 Rae8 31. Rxe5 Qxe5 32. Qxe5 dxe5 33. a3 f6
34. Kf2 Kf7 35. Ke3 Ke7 36. Rd5 g5 37. f4 Kf8 38. fxe5 Rxe5 39. Rxe5 fxe5 40.
Bd1 Kf7 41. Bc2 Kg6 42. Bd1 h5 43. h4 g4 44. Bc2 Kf6 45. Bd1 Ke6 46. Bc2 Kd6 47.
Kd2 Ke6 48. Kc3 Ke7 49. Kd2 Kd6 50. Kc3 Kd7 51. Kd2 Ke7 52. Kc3 Kd6 53. Kd2 Nb7
54. Bxa4 Kc5 55. Kc3 Nd6 56. Bc2 Nxc4 57. a4 Na5 58. Bd3 c6 59. bxc6 Nxc6 60.
Bc4 Nd4 61. Kd3 Ne2 62. Bf7 Nxg3 63. Ke3 Kb4 64. Bg6 Nf1+ 65. Ke2 Nh2 66. Bxh5
Nf3 67. Bxg4 Nxh4 68. Bd7 Ng6 69. Kf3 Kc5 70. Kg4 Kd4 71. Kf5 Nf4 72. Bc6 0-1

[Event "GCT 2021 Saint Louis - Blitz"]
[Site "Saint Louis"]
[Date "14.08.2021"]
[Round "4B"]
[White "Caruana, Fabiano"]
[Black "Xiong, Jeffery"]
[Result "0-1"]
[WhiteTitle ""]
[BlackTitle ""]
[WhiteElo "2806"]
[BlackElo "2710"]
[WhiteFideId "2020009"]
[BlackFideId "2047640"]
[EventDate "2021.08.14"]

1. d4 d5 2. c4 c6 3. Nf3 Nf6 4. e3 Bf5 5. Nc3 e6 6. Nh4 Be4 7. f3 Bg6 8. Qb3 Qc7
9. Bd2 Be7 10. g3 Bh5 11. Be2 Nbd7 12. cxd5 Nxd5 13. Nxd5 exd5 14. Ng2 Bg6 15.
Nf4 Bd6 16. O-O O-O 17. Rac1 Qb6 18. Qc3 Rfe8 19. Rfe1 a5 20. a3 Re7 21. Bf1
Rae8 22. Nxg6 hxg6 23. Qxa5 Qxa5 24. Bxa5 Rxe3 25. Kf2 Rxe1 26. Bxe1 Nf8 27. Bc3
Ne6 28. a4 Ra8 29. a5 Kf8 30. Ke2 Ke7 31. Kd3 Kd7 32. Be1 g5 33. Bh3 Rh8 34.
Bxe6+ Kxe6 35. Rc2 Kd7 36. Re2 f6 37. Bd2 Bc7 38. b4 Bd6 39. Kc3 Kc7 40. Kd3 Kd7
41. Kc3 Ra8 42. h4 gxh4 43. gxh4 Rh8 44. Rg2 Rh7 45. Kd3 Ke6 46. Re2+ Kf5 47.
Be1 Rh8 48. Rb2 Re8 49. Bd2 Bf4 50. b5 Bxd2 51. Kxd2 Ra8 52. bxc6 bxc6 53. Ra2
Kf4 54. Kc3 Kxf3 55. Kb4 f5 56. Kc5 Ke3 57. Kxc6 Kxd4 58. a6 f4 59. Kb7 Rf8 60.
a7 f3 61. a8=Q Rxa8 62. Rxa8 f2 63. Rf8 Ke3 64. Re8+ Kf3 65. Kc6 d4 66. Kd5 d3 0-1

[Event "GCT 2021 Saint Louis - Blitz"]
[Site "Saint Louis"]
[Date "14.08.2021"]
[Round "4B"]
[White "Dominguez Perez, Leinier"]
[Black "Mamedyarov, Shakhriyar"]
[Result "1-0"]
[WhiteTitle ""]
[BlackTitle ""]
[WhiteElo "2758"]
[BlackElo "2782"]
[WhiteFideId "3503240"]
[BlackFideId "13401319"]
[EventDate "2021.08.14"]

1. e4 e5 2. Nf3 Nf6 3. Nxe5 d6 4. Nf3 Nxe4 5. Nc3 Nxc3 6. dxc3 Be7 7. Be3 O-O 8.
Qd2 Nd7 9. O-O-O Nf6 10. Bd3 Re8 11. Rhe1 Bg4 12. h3 Bxf3 13. gxf3 c6 14. Rg1 g6
15. h4 Nh5 16. f4 Qa5 17. Kb1 Ng7 18. f5 Nxf5 19. h5 Nxe3 20. hxg6 hxg6 21. Qxe3
Bf6 22. Qh3 Bg7 23. f4 Qh5 24. Qg3 Qc5 25. Bxg6 fxg6 26. Qxg6 Re7 27. f5 Qe5 28.
f6 Rf7 29. fxg7 Rxg7 30. Qh6 Re8 31. Rh1 Re6 32. Qh8+ Kf7 33. Qc8 d5 34. Rdf1+
Ke7 35. Qf8+ Kd7 36. Qa8 Kc7 37. a3 Rg2 38. Qxa7 Re7 39. Qa5+ Kd7 40. Rhg1 Qe2
41. Rc1 Rxg1 42. Rxg1 Qf2 43. Rc1 Re1 44. b3 Rxc1+ 45. Kxc1 d4 46. cxd4 Qxd4 47.
Qd2 Qxd2+ 48. Kxd2 Kd6 49. Kd3 Kc5 50. c4 b5 51. b4+ Kb6 52. Kd4 1-0

[Event "GCT 2021 Saint Louis - Blitz"]
[Site "Saint Louis"]
[Date "14.08.2021"]
[Round "5B"]
[White "Le, Quang Liem"]
[Black "Dominguez Perez, Leinier"]
[Result "1-0"]
[WhiteTitle ""]
[BlackTitle ""]
[WhiteElo "2709"]
[BlackElo "2758"]
[WhiteFideId "12401137"]
[BlackFideId "3503240"]
[EventDate "2021.08.14"]

1. d4 d5 2. c4 dxc4 3. e4 e5 4. Nf3 Bb4+ 5. Nc3 exd4 6. Nxd4 Nd7 7. Bxc4 Ngf6 8.
O-O O-O 9. f3 Qe7 10. Qe2 Ne5 11. Bb3 Bxc3 12. bxc3 c5 13. Ba3 Ng6 14. Rad1 b6
15. c4 Bd7 16. Nc2 Nh5 17. Ne3 Nhf4 18. Qf2 Be6 19. Kh1 f5 20. Bc2 fxe4 21. Bxe4
Rad8 22. Bb2 Qg5 23. g3 Nh5 24. Rxd8 Qxd8 25. f4 Nf6 26. Bf3 Bh3 27. Rd1 Qe7 28.
Nd5 Nxd5 29. cxd5 Qd6 30. Re1 Nxf4 31. gxf4 Qxf4 32. Re3 Bg4 33. Kg2 Qg5 34. Kf1
Qf5 35. Kg2 Bxf3+ 36. Qxf3 Qg5+ 37. Qg3 Qxd5+ 38. Kg1 Qf7 39. Rf3 Qe7 40. Rxf8+
Kxf8 41. Be5 Qf7 1-0

[Event "GCT 2021 Saint Louis - Blitz"]
[Site "Saint Louis"]
[Date "14.08.2021"]
[Round "5B"]
[White "Rapport, Richard"]
[Black "Svidler, Peter"]
[Result "0-1"]
[WhiteTitle ""]
[BlackTitle ""]
[WhiteElo "2763"]
[BlackElo "2714"]
[WhiteFideId "738590"]
[BlackFideId "4102142"]
[EventDate "2021.08.14"]

1. Nf3 c5 2. c4 Nc6 3. d4 cxd4 4. Nxd4 Nf6 5. g3 e5 6. Nb5 Bb4+ 7. Bd2 a6 8.
N5c3 d5 9. cxd5 Nxd5 10. Bg2 Be6 11. O-O Nb6 12. Na4 Be7 13. Nxb6 Qxb6 14. Nc3
Rd8 15. Qc2 O-O 16. Rad1 Nd4 17. Be3 Qb4 18. Qb1 Bf5 19. Qa1 Qc4 20. Kh1 Bb4 21.
Bxb7 Bxc3 22. bxc3 Nxe2 23. Rxd8 Rxd8 24. Rd1 Rd3 25. Bg2 Be4 26. Qb1 Rxd1+ 27.
Qxd1 h6 28. f3 Bd5 29. Qd2 Nxc3 30. a3 Bxf3 31. Kg1 Bxg2 32. Kxg2 0-1

[Event "GCT 2021 Saint Louis - Blitz"]
[Site "Saint Louis"]
[Date "14.08.2021"]
[Round "5B"]
[White "Xiong, Jeffery"]
[Black "Shankland, Sam"]
[Result "1-0"]
[WhiteTitle ""]
[BlackTitle ""]
[WhiteElo "2710"]
[BlackElo "2709"]
[WhiteFideId "2047640"]
[BlackFideId "2004887"]
[EventDate "2021.08.14"]

1. c4 e6 2. Nc3 Nf6 3. e4 d5 4. e5 d4 5. exf6 dxc3 6. bxc3 Qxf6 7. Nf3 b6 8. g3
Bb7 9. Bg2 Qd8 10. O-O Be7 11. d4 Nd7 12. a4 a5 13. Re1 O-O 14. Bf4 Re8 15. Rb1
Ra7 16. d5 exd5 17. cxd5 Ra8 18. Nd4 Bd6 19. Rxe8+ Qxe8 20. Bxd6 cxd6 21. Nc6
Qf8 22. Bh3 Nc5 23. Rxb6 Re8 24. Nxa5 Ba6 25. Nc6 Be2 26. Qd2 Bf3 27. Bg2 Nxa4
28. Rb4 Bxg2 29. Kxg2 Nc5 30. h4 g6 31. Rb1 Qg7 32. Qd4 Qf8 33. h5 gxh5 34. Rh1
Qh6 35. Qd1 Qg6 36. Qxh5 Nd3 37. Qxg6+ hxg6 38. Rb1 Re4 39. Kf3 Rc4 40. Rb3 Rc5
41. Ke3 Nc1 42. Ra3 Rxd5 43. Ne7+ 1-0

[Event "GCT 2021 Saint Louis - Blitz"]
[Site "Saint Louis"]
[Date "14.08.2021"]
[Round "5B"]
[White "Mamedyarov, Shakhriyar"]
[Black "Caruana, Fabiano"]
[Result "1-0"]
[WhiteTitle ""]
[BlackTitle ""]
[WhiteElo "2782"]
[BlackElo "2806"]
[WhiteFideId "13401319"]
[BlackFideId "2020009"]
[EventDate "2021.08.14"]

1. d4 Nf6 2. c4 e6 3. Nf3 d5 4. Nc3 Bb4 5. Bg5 h6 6. Bxf6 Qxf6 7. Qa4+ Nc6 8. e3
O-O 9. Rc1 Rd8 10. Be2 a6 11. cxd5 exd5 12. O-O Bf8 13. Qb3 Na5 14. Qd1 Nc6 15.
a3 Rb8 16. Na4 Bd6 17. Nc5 Ne7 18. b4 g5 19. Nd2 Nf5 20. Bg4 Kg7 21. h3 Rh8 22.
Qf3 c6 23. Ndb3 Bc7 24. e4 dxe4 25. Nxe4 Qg6 26. d5 h5 27. Qc3+ f6 28. Bxf5 Bxf5
29. d6 Bxe4 30. dxc7 Rbc8 31. Nc5 Bd5 32. Rcd1 Qf7 33. f4 g4 34. f5 Rxc7 35.
hxg4 hxg4 36. Qg3 Re7 37. Rfe1 Rhe8 38. Qxg4+ Kf8 39. Qh4 Rxe1+ 40. Rxe1 Rxe1+
41. Qxe1 Qh5 42. Nd7+ Kf7 43. Qe8+ Kxe8 44. Nxf6+ Kf7 45. Nxh5 Be4 46. Ng3 Bb1
47. Kf2 Kf6 48. Kf3 b6 49. Kf4 c5 50. bxc5 bxc5 51. Ne4+ 1-0

[Event "GCT 2021 Saint Louis - Blitz"]
[Site "Saint Louis"]
[Date "14.08.2021"]
[Round "6B"]
[White "Caruana, Fabiano"]
[Black "Shankland, Sam"]
[Result "1-0"]
[WhiteTitle ""]
[BlackTitle ""]
[WhiteElo "2806"]
[BlackElo "2709"]
[WhiteFideId "2020009"]
[BlackFideId "2004887"]
[EventDate "2021.08.14"]

1. e4 c5 2. Nc3 Nc6 3. Nf3 d6 4. d4 cxd4 5. Nxd4 Nf6 6. Bg5 e6 7. Qd3 Be7 8.
O-O-O O-O 9. Kb1 Bd7 10. Nb3 a5 11. a3 a4 12. Nd4 Qa5 13. Bd2 Qb6 14. Be3 Nxd4
15. Bxd4 Qa5 16. Be2 Rfc8 17. Qe3 b5 18. Na2 Qc7 19. Bc3 Qb7 20. Bf3 e5 21. Nb4
Rc4 22. Rhe1 Rac8 23. h3 Be6 24. g4 Nd7 25. Bg2 h6 26. Bf1 R4c7 27. Nd5 Bg5 28.
Qf3 Rc5 29. Bd3 Bxd5 30. exd5 Rxc3 31. bxc3 Nf6 32. Kb2 Qb6 33. Re4 Nxd5 34. h4
Bxh4 35. Qf5 Ne7 36. Qd7 Rd8 37. Qxb5 Qc7 38. Rc4 Qa7 39. Rxa4 Qc7 40. Rb4 Bxf2
41. Qb7 Qxb7 42. Rxb7 Nc6 43. a4 Bc5 44. Be4 Na5 45. Rb5 Nc4+ 46. Kb3 Ne3 47.
Rd3 Rc8 48. a5 Nxg4 49. a6 Nf2 50. Bb7 Rf8 51. Rf3 e4 52. Rxc5 exf3 53. Rf5 Ng4
54. Rxf3 Rb8 55. Rf4 Ne5 56. Rb4 h5 57. a7 Rf8 58. Bd5 g5 59. Rb8 1-0

[Event "GCT 2021 Saint Louis - Blitz"]
[Site "Saint Louis"]
[Date "14.08.2021"]
[Round "6B"]
[White "So, Wesley"]
[Black "Xiong, Jeffery"]
[Result "1-0"]
[WhiteTitle ""]
[BlackTitle ""]
[WhiteElo "2772"]
[BlackElo "2710"]
[WhiteFideId "5202213"]
[BlackFideId "2047640"]
[EventDate "2021.08.14"]

1. d4 d5 2. c4 c6 3. Nf3 Nf6 4. e3 Bf5 5. Nc3 e6 6. Nh4 Be4 7. f3 Bg6 8. Qb3 Qc7
9. Bd2 Be7 10. cxd5 cxd5 11. O-O-O Nc6 12. Nxg6 hxg6 13. Kb1 a6 14. Bd3 Kf8 15.
Rc1 Rb8 16. Ne2 Rxh2 17. Rxh2 Qxh2 18. e4 dxe4 19. fxe4 Rd8 20. Qxb7 Nxd4 21.
Nxd4 Rxd4 22. Rc8+ Rd8 23. Ba5 Qg1+ 24. Rc1 Qd4 25. Bxa6 Rd7 26. Qb8+ Ne8 27.
Bb5 Qxe4+ 28. Ka1 Qb7 29. Qh2 Bf6 30. Qh8+ Ke7 31. Bb4+ Nd6 32. Bxd6+ Kxd6 33.
Rd1+ Kc5 34. Rxd7 Bxb2+ 35. Kb1 Qe4+ 36. Kxb2 Qb4+ 37. Kc2 Qe4+ 38. Rd3 Qxg2+
39. Kb3 Qb7 40. Qe8 1-0

[Event "GCT 2021 Saint Louis - Blitz"]
[Site "Saint Louis"]
[Date "14.08.2021"]
[Round "6B"]
[White "Dominguez Perez, Leinier"]
[Black "Rapport, Richard"]
[Result "0-1"]
[WhiteTitle ""]
[BlackTitle ""]
[WhiteElo "2758"]
[BlackElo "2763"]
[WhiteFideId "3503240"]
[BlackFideId "738590"]
[EventDate "2021.08.14"]

1. e4 e5 2. Nf3 Nc6 3. Bc4 Bc5 4. c3 Nf6 5. d3 h6 6. O-O d6 7. b4 Bb6 8. Nbd2
O-O 9. Re1 Ne7 10. Bb3 Ng6 11. a4 c6 12. a5 Bc7 13. d4 Re8 14. dxe5 dxe5 15. Qc2
Nh7 16. Bc4 Qf6 17. g3 Bg4 18. Be2 Rad8 19. Kg2 Qe6 20. Ng1 Bxe2 21. Rxe2 b6 22.
Qa2 Qg4 23. f3 Qc8 24. Nb3 Rd3 25. Qc2 Red8 26. Rd2 Rxd2+ 27. Bxd2 Qe6 28. c4
Nf6 29. Be3 Rd7 30. axb6 axb6 31. Nh3 Qe7 32. c5 b5 33. Ra6 Qe6 34. Nf2 Rd8 35.
Nd2 Ne7 36. Qa2 Qd7 37. Ra7 Rb8 38. Qa3 Nc8 39. Ra6 Ne7 40. Qa2 Rd8 41. Ra7 Rb8
42. Ra3 Qc8 43. Nb3 Qe6 44. Nc1 Qd7 45. Ncd3 Qd8 46. Bd2 Ng6 47. Ra6 Qe8 48. Ra7
Rc8 49. Be3 Qd8 50. Ra6 Qd7 51. Bd2 Qe8 52. Bc3 Kh7 53. Ra7 Nd7 54. Kf1 Nb8 55.
Ke2 Nd7 56. Ra6 Ndf8 57. Qa1 Ne6 58. Ra7 Bb8 59. Ra8 f6 60. Qa2 Rd8 61. Ra6 Qd7
62. Ra8 Nc7 63. Ra3 Ne6 64. Ra8 Nc7 65. Ra3 Qe8 66. Ra5 Qd7 67. Ra3 Nf8 68. Qb1
Nfe6 69. Bb2 Nd4+ 70. Bxd4 Qxd4 71. Qa1 Qd7 72. Nc1 Ne6 73. Nb3 Qf7 74. Ra8 Nc7
75. Ra3 Qc4+ 76. Ke1 Qxb4+ 77. Kf1 Qc4+ 78. Kg2 b4 79. Na5 Qxc5 80. Ra2 Qb5 81.
Nb3 Ne6 82. Rc2 Nd4 83. Nxd4 exd4 84. Qb1 c5 85. e5 f5 86. Ra2 d3 87. e6 c4 88.
Ra8 Bc7 89. Ra7 Qb6 90. Ra4 Bd6 91. Qe1 Be7 92. Qe5 Qc5 93. Qf4 d2 94. Nd1 c3
95. Rxb4 Qxb4 96. Qxf5+ Kh8 0-1

[Event "GCT 2021 Saint Louis - Blitz"]
[Site "Saint Louis"]
[Date "14.08.2021"]
[Round "6B"]
[White "Mamedyarov, Shakhriyar"]
[Black "Le, Quang Liem"]
[Result "1/2-1/2"]
[WhiteTitle ""]
[BlackTitle ""]
[WhiteElo "2782"]
[BlackElo "2709"]
[WhiteFideId "13401319"]
[BlackFideId "12401137"]
[EventDate "2021.08.14"]

1. d4 Nf6 2. c4 e6 3. Nc3 Bb4 4. Nf3 O-O 5. Bg5 c5 6. Rc1 cxd4 7. Nxd4 h6 8. Bh4
Be7 9. e3 Nc6 10. Be2 Qb6 11. Qd2 d5 12. cxd5 Nxd4 13. exd4 exd5 14. Bxf6 Bxf6
15. Nxd5 Qxd4 16. Nxf6+ Qxf6 17. O-O Be6 18. Bf3 Rad8 19. Qa5 Qxb2 20. Qxa7 b5
21. a4 bxa4 22. Qxa4 Qd4 23. Qxd4 Rxd4 24. Rfd1 Rfd8 25. Rxd4 Rxd4 26. Rd1 Rxd1+
27. Bxd1 g5 28. g3 Bd5 29. Be2 Be6 30. Bd1 Bd5 31. Be2 Be6 32. Bd1 Bd5 33. Be2 1/2-1/2

[Event "GCT 2021 Saint Louis - Blitz"]
[Site "Saint Louis"]
[Date "14.08.2021"]
[Round "7B"]
[White "Rapport, Richard"]
[Black "Mamedyarov, Shakhriyar"]
[Result "1/2-1/2"]
[WhiteTitle ""]
[BlackTitle ""]
[WhiteElo "2763"]
[BlackElo "2782"]
[WhiteFideId "738590"]
[BlackFideId "13401319"]
[EventDate "2021.08.14"]

1. Nf3 Nf6 2. c4 g6 3. Nc3 Bg7 4. e4 e5 5. Nxe5 O-O 6. Nf3 Re8 7. Bd3 d5 8. cxd5
Nxd5 9. Nxd5 Qxd5 10. Bc2 Bg4 11. h3 Bxf3 12. Qxf3 Nc6 13. O-O Qd7 14. Ba4 Rad8
15. Rd1 Nd4 16. Bxd7 Nxf3+ 17. gxf3 Rxd7 18. d3 c5 19. Be3 Bxb2 20. Rab1 Bd4 21.
Bxd4 cxd4 22. Rdc1 Kg7 23. f4 Re6 24. Rc4 Rf6 25. Rbb4 Rxf4 26. Rxd4 Rc7 27.
Rbc4 Rxc4 28. Rxc4 Rf3 29. Rd4 Rxh3 30. Rd7 g5 31. Kg2 g4 32. a4 h5 33. a5 h4
34. e5 Kg6 35. Rd6+ Kg5 36. Rd7 Kg6 37. Rd6+ Kf5 38. Rf6+ Kxe5 39. Rxf7 Rxd3 40.
Rxb7 a6 41. Re7+ Kf6 42. Rh7 h3+ 43. Kg1 Rd1+ 44. Kh2 Kg6 45. Ra7 Rd6 46. Kg3
Rd3+ 47. Kxg4 h2 48. Rxa6+ Kg7 49. Ra7+ Kg6 50. Ra6+ Kg7 51. Ra7+ Kg6 52. Ra6+ 1/2-1/2

[Event "GCT 2021 Saint Louis - Blitz"]
[Site "Saint Louis"]
[Date "14.08.2021"]
[Round "7B"]
[White "Le, Quang Liem"]
[Black "Caruana, Fabiano"]
[Result "0-1"]
[WhiteTitle ""]
[BlackTitle ""]
[WhiteElo "2709"]
[BlackElo "2806"]
[WhiteFideId "12401137"]
[BlackFideId "2020009"]
[EventDate "2021.08.14"]

1. d4 Nf6 2. Nf3 d6 3. Nc3 Bf5 4. Bg5 d5 5. e3 Nbd7 6. Bd3 Bg6 7. O-O e6 8. e4
dxe4 9. Nxe4 Be7 10. Ng3 O-O 11. Bxg6 hxg6 12. c4 c5 13. Qe2 cxd4 14. Nxd4 a6
15. a3 Qc7 16. b4 b6 17. Rfd1 Rfe8 18. Rac1 Bf8 19. h3 e5 20. Nc2 e4 21. Ne3 a5
22. Bxf6 Nxf6 23. Nd5 Nxd5 24. cxd5 Qe5 25. Rc6 axb4 26. axb4 Rad8 27. Rxb6 Bd6
28. Nf1 f5 29. Rc6 f4 30. b5 Qg5 31. Qg4 Qxg4 32. hxg4 e3 33. Nh2 e2 34. Re1 Bb4
35. Nf3 Bxe1 36. Nxe1 Rxd5 37. f3 Kf7 38. b6 Rb5 39. Kf2 g5 40. g3 Re6 41. Rc7+
Re7 42. gxf4 gxf4 43. Rc6 g5 44. Rd6 Kg7 45. Rc6 Rb7 46. Kxe2 R5xb6 47. Rxb6
Rxb6 48. Nd3 Kf6 49. Nf2 Rb2+ 50. Kf1 Ra2 51. Ne4+ Kg6 52. Kg1 Ra5 53. Kf2 Kf7
54. Ke2 Rd5 55. Nc3 Re5+ 56. Kf2 Ke6 57. Nb1 Rd5 58. Nc3 Rd4 59. Ke2 Ke5 60. Nd1
Ra4 61. Nf2 Ra2+ 62. Kf1 Kd4 63. Ne4 Ke3 64. Nxg5 Ra5 65. Ne4 Kxf3 66. Nd2+ Kxg4
67. Nc4 Ra2 68. Ne5+ Kg3 0-1

[Event "GCT 2021 Saint Louis - Blitz"]
[Site "Saint Louis"]
[Date "14.08.2021"]
[Round "7B"]
[White "Xiong, Jeffery"]
[Black "Svidler, Peter"]
[Result "1-0"]
[WhiteTitle ""]
[BlackTitle ""]
[WhiteElo "2710"]
[BlackElo "2714"]
[WhiteFideId "2047640"]
[BlackFideId "4102142"]
[EventDate "2021.08.14"]

1. d4 Nf6 2. Nf3 g6 3. c4 Bg7 4. Nc3 d5 5. cxd5 Nxd5 6. e4 Nxc3 7. bxc3 c5 8.
Rb1 O-O 9. Be2 cxd4 10. cxd4 Qa5+ 11. Bd2 Qxa2 12. O-O Bg4 13. Bg5 h6 14. Bh4 g5
15. Bg3 Nc6 16. d5 Rad8 17. h4 e6 18. hxg5 exd5 19. gxh6 dxe4 20. Qc1 exf3 21.
Qg5 1-0

[Event "GCT 2021 Saint Louis - Blitz"]
[Site "Saint Louis"]
[Date "14.08.2021"]
[Round "7B"]
[White "Shankland, Sam"]
[Black "So, Wesley"]
[Result "1-0"]
[WhiteTitle ""]
[BlackTitle ""]
[WhiteElo "2709"]
[BlackElo "2772"]
[WhiteFideId "2004887"]
[BlackFideId "5202213"]
[EventDate "2021.08.14"]

1. e4 e5 2. Nf3 Nc6 3. d4 exd4 4. Nxd4 Nf6 5. Nxc6 bxc6 6. Bd3 d5 7. exd5 cxd5
8. O-O Be7 9. c4 O-O 10. Nc3 Bb7 11. Qf3 Rb8 12. Nxd5 Nxd5 13. Be4 c6 14. cxd5
cxd5 15. Bd3 Ba8 16. b3 d4 17. Qg3 Bd6 18. Bf4 Bxf4 19. Qxf4 Qd5 20. f3 Rbe8 21.
Rfd1 Rd8 22. Rac1 Qa5 23. Rc2 g6 24. Qc7 Qg5 25. Qg3 Qf6 26. Rc7 Qb6 27. h4 Rc8
28. Rdc1 Rxc7 29. Rxc7 h5 30. Qf4 Bd5 31. Kh2 Rd8 32. Qe5 a5 33. Qe7 Rf8 34. Rd7
Be6 35. Qd6 Qb4 36. Qxb4 axb4 37. Rxd4 Ra8 38. Bb1 Rb8 39. Kg3 Kg7 40. Kf4 Kf6
41. g4 hxg4 42. fxg4 Ke7 43. h5 gxh5 44. gxh5 Rg8 45. Bf5 Rg2 46. Bxe6 Kxe6 47.
Rxb4 Rxa2 48. Rb6+ Ke7 49. b4 Rh2 50. h6 1-0

[Event "GCT 2021 Saint Louis - Blitz"]
[Site "Saint Louis"]
[Date "14.08.2021"]
[Round "8B"]
[White "Svidler, Peter"]
[Black "Shankland, Sam"]
[Result "1/2-1/2"]
[WhiteTitle ""]
[BlackTitle ""]
[WhiteElo "2714"]
[BlackElo "2709"]
[WhiteFideId "4102142"]
[BlackFideId "2004887"]
[EventDate "2021.08.14"]

1. e4 c5 2. Nf3 d6 3. c3 Nf6 4. Be2 g6 5. O-O Bg7 6. Bb5+ Nc6 7. Re1 O-O 8. d4
Qb6 9. Bxc6 Qxc6 10. d5 Qc7 11. h3 b5 12. a4 b4 13. cxb4 cxb4 14. Nbd2 a5 15.
Nb3 Ba6 16. Nbd4 Rfe8 17. Bf4 Qd7 18. Rc1 Rac8 19. Nc6 e6 20. Nxa5 exd5 21. Rxc8
Rxc8 22. e5 dxe5 23. Bxe5 Re8 24. Qd4 Qxa4 25. Bxf6 Rxe1+ 26. Nxe1 Bxf6 27. Qxf6
Qxa5 28. Nf3 Bc8 29. Ne5 Qc7 30. Nc6 Be6 31. Nxb4 Qc4 32. Qc3 Qxc3 33. bxc3 Kf8
34. f4 Ke7 35. Kf2 Kd6 36. Nd3 Bf5 37. Ne5 f6 38. Nf3 Kc5 39. Ke3 Kc4 40. g4 Bc8
41. Kd2 Kc5 42. Nd4 Kd6 43. Ke3 Ba6 44. Nf3 Kc5 45. g5 fxg5 46. Nxg5 Bc8 47. h4
h6 48. Nf7 h5 49. Ne5 Bf5 50. Nf3 Kc4 51. Kd2 Be4 52. Nd4 Bf5 53. Nf3 Be4 54.
Nd4 Bf5 55. Nf3 1/2-1/2